| 000 | 01661nam2a2200289 4500 | ||
|---|---|---|---|
| 001 | RU\NLR\BIBL_A\011742112 | ||
| 005 | 20180711152119.0 | ||
| 010 |
_a978-5-907019-32-4 _9500 |
||
| 021 |
_aRU _bКН-П-18-038416 _9КН-П-18-2765 |
||
| 035 | _a(NLR Aleph) 011742112 | ||
| 035 | _a(RuMoRGB)009646207 | ||
| 090 |
_a11582910 _c11582910 |
||
| 100 | _a20180703d2017 k y0rusy50 ca | ||
| 101 | 0 | _arus | |
| 102 | _aRU | ||
| 105 | _aa z 000 y | ||
| 200 | 0 |
_aВып. 8 _f... Omega Science, международный центр инновационных исследований _g[под ред. М.З. Закирова] |
|
| 210 |
_aУфа _cНИЦ Аэтерна _cМЦИИ Омега Сайнс _d2017 |
||
| 215 |
_a80 с. _cил. |
||
| 320 | _aБиблиогр. в конце ст. | ||
| 461 | 0 |
_1001RU\NLR\BIBL_A\011107924 _12001#$aАктуальные вопросы технических наук: теоретический и практический аспекты$eколлективная монография$e[сборник статей]$fНауч. центр "Аэтерна"$g[под ред И.А. Григорьева]$vВып. 8 _911458108 _cУфа _d2015 _fНауч. центр "Аэтерна" _nАэтерна _oколлективная монография : [сборник статей] _tАктуальные вопросы технических наук: теоретический и практический аспекты _vВып. 8 |
|
| 702 | 1 |
_aЗакиров _bМ.З. _gМунавир Закиевич _4340 |
|
| 852 |
_aNLR _j2018-8/2113 |
||
| 942 | _cBOOK | ||
| 980 | _aNB | ||